[Event "AUT -U18B"]
[Site "Koestendorf"]
[Date "1998.04.04"]
[Round "1.1"]
[White "Pilaj, Herwig"]
[Black "Spirk, Stefan"]
[Result "1-0"]
[WhiteElo "2196"]
[BlackElo "1957"]
[PlyCount "39"]
[EventDate "1998.04.04"]
[Source "A. Burger"]
[SourceDate "1998.04.10"]

1. Nf3 Nf6 2. d4 c5 3. d5 e6 4. Nc3 d6 5. e4 e5 6. h3 a6 7. a4 Nbd7 8. Nd2 Be7
9. a5 O-O 10. Be2 Ne8 11. O-O Bg5 12. Nc4 Bxc1 13. Qxc1 Qe7 14. Ra3 Nc7 15. Rb3
Rb8 16. Kh1 f5 17. exf5 Rxf5 18. Ne4 {} 18... Nxd5 19. Ncxd6 Rf8 20. Bc4 1-0

[Event "AUT -U18B"]
[Site "Koestendorf"]
[Date "1998.04.04"]
[Round "1.2"]
[White "Becker, Christoph"]
[Black "Sandhu, Mario"]
[Result "1-0"]
[WhiteElo "1950"]
[BlackElo "2155"]
[PlyCount "95"]
[EventDate "1998.04.04"]
[Source "A. Burger"]
[SourceDate "1998.04.10"]

1. d4 d5 2. c4 e6 3. Nf3 Nf6 4. g3 Nbd7 5. Bg2 c6 6. Nbd2 Bd6 7. O-O O-O 8. Qc2
Qc7 9. e4 dxe4 10. Nxe4 Nxe4 11. Qxe4 c5 12. b3 Rb8 13. Bb2 b6 14. dxc5 Nxc5
15. Qd4 f6 16. Rad1 Be7 17. Qe3 Bd7 18. Nd4 a6 19. b4 e5 20. Nf3 20... Na4 {}
21. Nxe5 Be8 22. Ba1 Bxb4 23. Bd5+ Kh8 24. Nd3 Bd6 25. Qf3 Rd8 26. Rfe1 Bg6 27.
Nf4 Bxf4 28. Qxf4 Qxf4 29. gxf4 Rd7 30. Be6 Rxd1 31. Rxd1 Nc5 32. f5 Bh5 33.
Rd6 Rb8 34. Bd5 34... Bg4 {} 35. Rxf6 Bh5 36. Rc6 Re8 37. Bc3 Nd7 38. Kg2 Bg4
39. Be6 Nf6 40. Rxb6 h5 41. Rxa6 h4 42. h3 Be2 43. Ra7 Nh5 44. Kh2 Rd8 45. Bd5
Rc8 46. Bf7 Nf4 47. Bxg7+ Kxg7 48. Be6+ 1-0

[Event "AUT -U18B"]
[Site "Koestendorf"]
[Date "1998.04.04"]
[Round "1.3"]
[White "Fuchs, Georg"]
[Black "Steiner, Stefan"]
[Result "1/2-1/2"]
[WhiteElo "2130"]
[BlackElo "1899"]
[PlyCount "42"]
[EventDate "1998.04.04"]
[Source "A. Burger"]
[SourceDate "1998.04.10"]

1. e4 d5 2. exd5 Qxd5 3. Nc3 Qa5 4. d4 c6 5. Bc4 Nf6 6. h3 Bf5 7. Nf3 e6 8. O-O
Qc7 9. Re1 Nbd7 10. Qe2 Bb4 11. Nh4 Bg6 12. Nxg6 hxg6 13. Bg5 O-O-O 14. a3 Be7
15. b4 Nb6 16. Rad1 Rh5 17. Bxf6 Bxf6 18. Ne4 {} 18... Bxd4 19. Bb3 Rhh8 20.
Ng5 Rhe8 21. Qg4 Bc3 1/2-1/2

[Event "AUT -U18B"]
[Site "Koestendorf"]
[Date "1998.04.04"]
[Round "1.4"]
[White "Sekyra, Michael"]
[Black "Aschenbrenner, Robert"]
[Result "0-1"]
[WhiteElo "1788"]
[BlackElo "2100"]
[PlyCount "60"]
[EventDate "1998.04.04"]
[Source "A. Burger"]
[SourceDate "1998.04.10"]

1. e4 c5 2. Nc3 Nc6 3. g3 g6 4. Bg2 Bg7 5. f4 Qa5 6. Nf3 d6 7. O-O Bg4 8. d3 h5
9. h3 Bd4+ 10. Kh2 Nf6 11. hxg4 Nxg4+ 12. Kh1 Nf2+ 13. Rxf2 Bxf2 14. Bd2 h4 15.
g4 h3 16. Nd5 Qd8 17. Bxh3 Rxh3+ 18. Kg2 Rxf3 19. Qxf3 Bd4 20. Rh1 e6 21. c3
Kd7 22. cxd4 Nxd4 23. Qf2 exd5 24. Bc3 dxe4 25. Bxd4 cxd4 26. dxe4 Qf6 27. g5
27... Qe6 {} 28. Qxd4 Qg4+ 29. Kf2 Qxf4+ 30. Ke2 Re8 0-1

[Event "AUT -U18B"]
[Site "Koestendorf"]
[Date "1998.04.04"]
[Round "1.5"]
[White "Zumtobel, Thomas"]
[Black "Riedl, Johannes"]
[Result "1/2-1/2"]
[WhiteElo "2086"]
[BlackElo "1751"]
[PlyCount "31"]
[EventDate "1998.04.04"]
[Source "A. Burger"]
[SourceDate "1998.04.10"]

1. e4 e6 2. d3 d5 3. Nd2 c5 4. Ngf3 Nc6 5. g3 g6 6. Bg2 Bg7 7. O-O Nge7 8. Nh4
O-O 9. f4 b5 10. g4 f6 11. Nhf3 Qb6 12. Kh1 a5 13. g5 f5 14. Nh4 Bb7 15. e5 a4
16. c3 1/2-1/2

[Event "AUT -U18B"]
[Site "Koestendorf"]
[Date "1998.04.04"]
[Round "1.6"]
[White "Pojer, Hannes"]
[Black "Sandhoefner, Florian"]
[Result "0-1"]
[WhiteElo "1710"]
[BlackElo "1991"]
[PlyCount "136"]
[EventDate "1998.04.04"]
[Source "A. Burger"]
[SourceDate "1998.04.10"]

1. d4 Nf6 2. Bg5 Ne4 3. Bf4 d5 4. f3 Nd6 5. e3 e6 6. Bd3 Nd7 7. Ne2 c5 8. c3 b6
9. O-O Be7 10. Nd2 Bb7 11. c4 cxd4 12. Bxd6 Bxd6 13. Nxd4 O-O 14. f4 Nf6 15.
cxd5 Nxd5 16. Rf3 Nxf4 17. exf4 Bc5 18. Bxh7+ Kxh7 19. Rh3+ Kg8 20. N2b3 Qd5
21. Qd2 Rfd8 22. Rd1 Be7 23. Qc2 g6 24. Rdd3 Rac8 25. Qd2 25... Bf6 {} 26. Qf2
Bxd4 27. Rxd4 Qxd4 28. Qxd4 Rxd4 29. Nxd4 Rc1+ 30. Kf2 Rd1 31. Nb3 Rb1 32. Rd3
Rxb2+ 33. Rd2 Rxd2+ 34. Nxd2 Bd5 35. a3 Kg7 36. g3 Kf6 37. Ke3 Kf5 38. h3 g5
39. fxg5 Kxg5 40. Kf2 e5 41. Nf1 f5 42. h4+ Kh5 43. Ne3 Be6 44. Nc2 a5 45. Ne1
e4 46. Nc2 b5 47. Nd4 Bd7 48. Nc2 Be8 49. Nd4 b4 50. axb4 axb4 51. Nxf5 b3 52.
g4+ Kxg4 53. Ne3+ Kxh4 54. Nc4 Bb5 55. Nb2 Kg4 56. Ke3 Kf5 57. Nd1 Ke5 58. Nc3
b2 59. Kd2 Bd3 60. Ke3 b1=Q 61. Nxb1 Bxb1 62. Ke2 Kd4 63. Kd2 e3+ 64. Ke1 Kd3
65. Kd1 e2+ 66. Ke1 Bc2 67. Kf2 Kd2 68. Kf3 e1=Q 0-1

[Event "AUT -U18B"]
[Site "Koestendorf"]
[Date "1998.04.04"]
[Round "1.7"]
[White "Enoeckl, Philipp"]
[Black "Heissenberger, Andreas"]
[Result "1/2-1/2"]
[WhiteElo "1985"]
[BlackElo "1644"]
[PlyCount "123"]
[EventDate "1998.04.04"]
[Source "A. Burger"]
[SourceDate "1998.04.10"]

1. d4 d5 2. c4 e6 3. Nc3 c6 4. Nf3 Nd7 5. Bg5 Ngf6 6. e3 Be7 7. Qc2 O-O 8. Rc1
h6 9. Bh4 dxc4 10. Bxc4 b5 11. Bd3 Bb7 12. O-O a6 13. Rfd1 Rc8 14. Qb1 Nd5 15.
Bg3 Qb6 16. Ne5 Nxe5 17. Bxe5 Rfd8 18. Ne4 c5 19. dxc5 Bxc5 20. Nxc5 Rxc5 21.
Bd4 Rxc1 22. Bxb6 Rxb1 23. Bxb1 Rc8 24. Bd4 Ne7 25. f3 Rd8 26. Bc2 Nc6 27. Bc5
Rxd1+ 28. Bxd1 Ne5 29. Be2 Nc4 30. b3 Ne5 31. e4 Ng6 32. Kf2 Nf4 33. Bf1 e5 34.
Ke3 Ne6 35. Bd6 f6 36. g3 Ng5 37. h4 Nf7 38. Bc5 g5 39. Kd2 g4 40. Be2 gxf3 41.
Bxf3 Kg7 42. Ke3 Nd8 43. Bg4 Nc6 44. Be6 Nd8 45. Bf5 Kf7 46. Kd3 Nc6 47. a3 Ne7
48. Bd7 Bc6 49. Bxc6 Nxc6 50. h5 Nd8 51. Be3 Kg7 52. a4 Nc6 53. Bc5 Kf7 54. Kc3
Kg7 55. Bb6 Kf7 56. Kd3 Kg7 57. axb5 axb5 58. Bc5 Kf7 59. Ke2 Na5 60. b4 Nc6
61. Kf3 Nd8 62. Kg4 1/2-1/2

[Event "AUT -U18B"]
[Site "Koestendorf"]
[Date "1998.04.04"]
[Round "1.8"]
[White "Brehovsky, Paul"]
[Black "Hillgarter, Christoph"]
[Result "0-1"]
[WhiteElo "1547"]
[BlackElo "1972"]
[PlyCount "56"]
[EventDate "1998.04.04"]
[Source "A. Burger"]
[SourceDate "1998.04.10"]

1. a3 e5 2. e3 d5 3. d4 e4 4. c4 c6 5. Nc3 f5 6. Qb3 Nf6 7. cxd5 cxd5 8. Nh3
Bd6 9. Bd2 Bc7 10. Nb5 Nc6 11. Nxc7+ Qxc7 12. Nf4 Qf7 13. Rc1 O-O 14. Bb5 Bd7
15. O-O g5 16. Ne2 a6 17. Bxc6 bxc6 18. Qd1 Qg6 19. Rc2 Nh5 20. Bb4 Rf7 21. Ng3
Ng7 22. Re1 f4 23. Nf1 {} 23... f3 24. Ng3 h5 25. Qd2 h4 26. Nf1 Qh5 27. g3
Qg4 28. Rec1 Qh3 0-1

[Event "AUT -U18B"]
[Site "Koestendorf"]
[Date "1998.04.05"]
[Round "2.1"]
[White "Sandhoefner, Florian"]
[Black "Pilaj, Herwig"]
[Result "0-1"]
[WhiteElo "1991"]
[BlackElo "2196"]
[PlyCount "70"]
[EventDate "1998.04.04"]
[Source "A. Burger"]
[SourceDate "1998.04.10"]

1. e4 c5 2. Nf3 e6 3. d4 cxd4 4. Nxd4 a6 5. Bd3 Nf6 6. c4 Nc6 7. Nxc6 dxc6 8.
O-O e5 9. Nc3 Bc5 10. h3 h6 11. Qe2 Be6 12. Kh2 O-O 13. f4 {} 13... Ng4+ 14.
Kg3 exf4+ 15. Bxf4 Ne5 16. Bxe5 Qg5+ 17. Kh2 Qxe5+ 18. Kh1 Rad8 19. Rf3 Bd6 20.
g4 Bc7 21. Rf2 Qg3 22. Rf3 Qe5 23. Rf2 Qg3 24. Rf3 Qh4 25. Qg2 Rd7 26. Rd1 Rfd8
27. b3 Be5 28. Ne2 b5 29. cxb5 axb5 30. Nc1 c5 31. Rff1 h5 32. Be2 c4 33. bxc4
bxc4 34. Kg1 Rd2 35. Rxd2 Rxd2 0-1

[Event "AUT -U18B"]
[Site "Koestendorf"]
[Date "1998.04.05"]
[Round "2.3"]
[White "Hillgarter, Christoph"]
[Black "Fuchs, Georg"]
[Result "0-1"]
[WhiteElo "1972"]
[BlackElo "2130"]
[PlyCount "78"]
[EventDate "1998.04.04"]
[Source "A. Burger"]
[SourceDate "1998.04.10"]

1. e4 e5 2. Nf3 Nc6 3. Bb5 Nf6 4. O-O Be7 5. Nc3 d6 6. d4 exd4 7. Nxd4 Bd7 8.
Bxc6 bxc6 9. Qf3 c5 10. Nf5 Bxf5 11. Qxf5 O-O 12. Re1 Nd7 13. Nd5 Re8 14. Bd2
c6 15. Nxe7+ Qxe7 16. Bc3 Nb6 17. b3 Qe6 18. Qf4 Rad8 19. Rad1 f6 20. h3 Qe7
21. Rd3 Qf8 22. Red1 d5 23. exd5 cxd5 24. Ba5 Re5 25. c4 Qd6 26. Bxb6 axb6 27.
Qf3 d4 28. a4 Rde8 29. g3 h6 30. Kg2 30... R8e7 {} 31. b4 Qe6 32. Rc1 Rf5 33.
Qa8+ Re8 34. Qb7 Rxf2+ 35. Kxf2 Qe2+ 36. Kg1 Qxd3 37. Qd5+ Kh8 38. Ra1 Qxg3+
39. Kf1 Re3 0-1

[Event "AUT -U18B"]
[Site "Koestendorf"]
[Date "1998.04.05"]
[Round "2.5"]
[White "Riedl, Johannes"]
[Black "Enoeckl, Philipp"]
[Result "0-1"]
[WhiteElo "1751"]
[BlackElo "1985"]
[PlyCount "80"]
[EventDate "1998.04.04"]
[Source "A. Burger"]
[SourceDate "1998.04.10"]

1. f4 d5 2. Nf3 c5 3. e3 Nf6 4. b3 Nc6 5. Bb2 e6 6. Bb5 Bd7 7. O-O Bd6 8. Bxc6
Bxc6 9. d3 O-O 10. Nbd2 Qe7 11. Qe1 Nd7 12. Qg3 f6 13. Rae1 Bc7 14. e4 d4 15.
Nh4 Qf7 16. Qh3 f5 17. e5 Qh5 18. Qg3 Ba5 19. Rd1 b5 20. a3 Nb6 21. b4 cxb4 22.
axb4 Bxb4 23. Bxd4 Nd5 24. Nb3 Nc3 25. Bxc3 Bxc3 26. Nf3 26... Bd5 {} 27. Na1
Rfc8 28. Qf2 a5 29. Nd4 Rab8 30. Rb1 b4 31. Ndb3 a4 32. Nc5 Qe8 33. d4 Qc6 34.
g3 Bxd4 35. Qxd4 Qxc5 36. Qxc5 Rxc5 37. Rf2 Be4 38. Rd2 b3 39. Rb2 Rbc8 40.
cxb3 Rc1+ 0-1

[Event "AUT -U18B"]
[Site "Koestendorf"]
[Date "1998.04.05"]
[Round "2.6"]
[White "Heissenberger, Andreas"]
[Black "Sekyra, Michael"]
[Result "0-1"]
[WhiteElo "1644"]
[BlackElo "1788"]
[PlyCount "70"]
[EventDate "1998.04.04"]
[Source "A. Burger"]
[SourceDate "1998.04.10"]

1. e4 e6 2. d4 d5 3. exd5 exd5 4. Bd3 Bd6 5. Nf3 Nc6 6. c3 Nge7 7. O-O Bg4 8.
h3 Bh5 9. Bg5 f6 10. Be3 Qd7 11. Nbd2 O-O-O 12. Qc2 h6 13. Nh4 Bf7 14. Nf5 Nxf5
15. Bxf5 Be6 16. Bxe6 Qxe6 17. Rfe1 Qd7 18. a3 f5 19. Nf3 g5 20. Ne5 Nxe5 21.
dxe5 Bxe5 22. Bxa7 Bg7 23. Bd4 Bxd4 24. cxd4 Rde8 25. Qc3 g4 26. hxg4 fxg4 27.
Rxe8+ Rxe8 28. Re1 Re6 29. Rxe6 Qxe6 30. Kf1 30... h5 {} 31. Qe1 Qxe1+ 32.
Kxe1 h4 33. Ke2 c5 34. dxc5 h3 35. gxh3 gxh3 0-1

[Event "AUT -U18B"]
[Site "Koestendorf"]
[Date "1998.04.05"]
[Round "2.7"]
[White "Sandhu, Mario"]
[Black "Pojer, Hannes"]
[Result "1-0"]
[WhiteElo "2155"]
[BlackElo "1710"]
[PlyCount "59"]
[EventDate "1998.04.04"]
[Source "A. Burger"]
[SourceDate "1998.04.10"]

1. e4 e5 2. Nf3 Nf6 3. Nc3 Nc6 4. Bb5 d6 5. d4 exd4 6. Nxd4 Bd7 7. Bxc6 bxc6 8.
O-O c5 9. Nde2 Bc6 10. Nf4 Be7 11. Re1 O-O 12. b3 Nd7 13. Ncd5 Bg5 14. Bb2 Bxf4
15. Nxf4 Qg5 16. Nd3 f5 17. f4 Qh6 18. e5 Qg6 19. Qd2 {} 19... dxe5 20. Bxe5
Nxe5 21. Nxe5 Qf6 22. Qf2 Rfe8 23. Qxc5 Re6 24. Nxc6 Rxc6 25. Qd5+ Kf8 26. Re5
g6 27. Rae1 Rb8 28. c4 Kg7 29. Qd7+ Kh6 30. R1e3 1-0

[Event "AUT -U18B"]
[Site "Koestendorf"]
[Date "1998.04.06"]
[Round "3.2"]
[White "Enoeckl, Philipp"]
[Black "Steiner, Stefan"]
[Result "1-0"]
[WhiteElo "1985"]
[BlackElo "1899"]
[PlyCount "83"]
[EventDate "1998.04.04"]
[Source "A. Burger"]
[SourceDate "1998.04.10"]

1. d4 e6 2. c4 d5 3. Nc3 c6 4. Nf3 Nf6 5. Bg5 Nbd7 6. e3 Qa5 7. Nd2 dxc4 8.
Bxf6 Nxf6 9. Nxc4 Qc7 10. Rc1 Bd7 11. a3 c5 12. dxc5 Bxc5 13. b4 Be7 14. Be2
O-O 15. O-O Rfd8 16. Qb3 Rac8 17. Rc2 Nd5 18. Rfc1 Nxc3 19. Rxc3 Bf6 20. R3c2
e5 21. Na5 Qb8 22. b5 Rxc2 23. Qxc2 Rc8 24. Qd2 Bd8 25. Rd1 Bxa5 26. Qxa5 b6
27. Qb4 Qc7 28. Qd2 Be6 29. Bf3 Bb3 30. Bg4 Bxd1 31. Bxc8 Bb3 32. Bg4 f6 33.
Bf3 Qc4 34. Bc6 Kf7 35. f4 Qe6 36. Kf2 Bc4 37. Kf3 Ke7 38. Qb4+ Kf7 39. Qd2 Ba2
40. g4 40... Ke7 {} 41. f5 e4+ 42. Kg2 1-0

[Event "AUT -U18B"]
[Site "Koestendorf"]
[Date "1998.04.06"]
[Round "3.3"]
[White "Fuchs, Georg"]
[Black "Sandhu, Mario"]
[Result "1/2-1/2"]
[WhiteElo "2130"]
[BlackElo "2155"]
[PlyCount "102"]
[EventDate "1998.04.04"]
[Source "A. Burger"]
[SourceDate "1998.04.10"]

1. e4 c6 2. d4 d5 3. Nc3 g6 4. Nf3 Bg7 5. Be2 dxe4 6. Nxe4 Nd7 7. O-O Ngf6 8.
Ng3 O-O 9. Re1 Qc7 10. c3 b6 11. Qc2 Bb7 12. Bf1 Rfe8 13. Ne5 c5 14. Nxd7 Nxd7
15. dxc5 Nxc5 16. Be3 Qc6 17. Rad1 Rad8 18. Bxc5 Qxc5 19. Ne4 Qc7 20. Qb3 Rxd1
21. Qxd1 Rd8 22. Qa4 h6 23. Qc4 Qxc4 24. Bxc4 Kf8 25. f3 f5 26. Nf2 Rd2 27. Rd1
Rxd1+ 28. Nxd1 e5 29. Ne3 Ke7 30. Kf2 f4 31. Nc2 e4 32. fxe4 Bxe4 33. Nb4 Kd6
34. Bd3 Ke5 35. Bxe4 Kxe4 36. Ke2 Bf8 37. Nc6 a5 38. a4 g5 39. h3 h5 40. Nd4 g4
41. hxg4 hxg4 42. Nc2 Bg7 43. Na3 f3+ 44. gxf3+ gxf3+ 45. Kf2 Bf8 46. Nc4 Bc5+
47. Kf1 Kd3 48. Ne5+ Kc2 49. b4 axb4 50. cxb4 Bxb4 51. Kf2 Kb3 1/2-1/2

[Event "AUT -U18B"]
[Site "Koestendorf"]
[Date "1998.04.06"]
[Round "3.4"]
[White "Hillgarter, Christoph"]
[Black "Aschenbrenner, Robert"]
[Result "1/2-1/2"]
[WhiteElo "1972"]
[BlackElo "2100"]
[PlyCount "82"]
[EventDate "1998.04.04"]
[Source "A. Burger"]
[SourceDate "1998.04.10"]

1. e4 c5 2. Nf3 Nc6 3. d4 cxd4 4. Nxd4 Nf6 5. Nc3 d6 6. Be2 g6 7. Be3 Bg7 8.
O-O O-O 9. Nb3 Be6 10. f4 Na5 11. Bd4 Bc4 12. Nxa5 Bxe2 13. Qxe2 Qxa5 14. Kh1
Rac8 15. Bxf6 Bxf6 16. Nd5 Rfe8 17. c3 Bg7 18. f5 e6 19. fxg6 fxg6 20. Nf4 a6
21. Qg4 Qe5 22. Nd3 Qb5 23. Rf3 Qc4 24. Rh3 Rf8 25. b3 Qxc3 26. Qxe6+ Kh8 27.
Rg1 Rf6 28. Qg4 Rcf8 29. Qh4 h6 30. Nf2 Qc5 31. Rf3 g5 32. Qg3 Rxf3 33. gxf3
Qe3 34. Kg2 Bd4 35. Rd1 Rc8 36. Rd3 Qxf2+ 37. Qxf2 Bxf2 38. Kxf2 Rc6 39. Kg3
Kg7 40. f4 gxf4+ 41. Kxf4 Kg6 1/2-1/2

[Event "AUT -U18B"]
[Site "Koestendorf"]
[Date "1998.04.06"]
[Round "3.5"]
[White "Spirk, Stefan"]
[Black "Sandhoefner, Florian"]
[Result "1/2-1/2"]
[WhiteElo "1957"]
[BlackElo "1991"]
[PlyCount "55"]
[EventDate "1998.04.04"]
[Source "A. Burger"]
[SourceDate "1998.04.10"]

1. c4 g6 2. g3 Bg7 3. Bg2 d6 4. Nc3 Nf6 5. Nf3 O-O 6. O-O e5 7. d3 c6 8. Qc2
Nh5 9. Rb1 f5 10. b4 h6 11. b5 Rf7 12. a4 Be6 13. Nd2 a6 14. Bb2 Qc8 15. e3 g5
16. Rfc1 Nd7 17. bxc6 bxc6 18. Ba3 Qc7 19. a5 Rc8 20. Qa4 Nc5 21. Bxc5 dxc5 22.
Rb6 Qd6 23. Nb3 Qxd3 24. Nxc5 Qxc4 25. Nxe6 Qxe6 26. Rxc6 Rxc6 27. Bxc6 Nf6 28.
Bg2 1/2-1/2

[Event "AUT -U18B"]
[Site "Koestendorf"]
[Date "1998.04.06"]
[Round "3.6"]
[White "Sekyra, Michael"]
[Black "Riedl, Johannes"]
[Result "1/2-1/2"]
[WhiteElo "1788"]
[BlackElo "1751"]
[PlyCount "43"]
[EventDate "1998.04.04"]
[Source "A. Burger"]
[SourceDate "1998.04.10"]

1. e4 e6 2. d4 b6 3. Nc3 Bb7 4. Bd3 Bb4 5. Nge2 c5 6. dxc5 Bxc5 7. O-O h6 8. a3
Nf6 9. b4 Be7 10. Ng3 d6 11. Bb2 Nbd7 12. Nce2 O-O 13. Qd2 a6 14. f3 b5 15. c4
bxc4 16. Bxc4 Nb6 17. Bb3 d5 18. exd5 Nbxd5 19. Kh1 Qd7 20. Nc3 Rfd8 21. Nce4
Qb5 22. Bxd5 1/2-1/2

[Event "AUT -U18B"]
[Site "Koestendorf"]
[Date "1998.04.06"]
[Round "3.7"]
[White "Zumtobel, Thomas"]
[Black "Heissenberger, Andreas"]
[Result "1-0"]
[WhiteElo "2086"]
[BlackElo "1644"]
[PlyCount "39"]
[EventDate "1998.04.04"]
[Source "A. Burger"]
[SourceDate "1998.04.10"]

1. e4 d5 2. exd5 Nf6 3. d4 Nxd5 4. c4 Nf6 5. Nf3 e6 6. Nc3 c6 7. Bd3 Bd6 8. Bg5
h6 9. Bh4 O-O 10. Bc2 g5 11. Bg3 Nh7 12. Ne5 Bxe5 13. Bxe5 f6 14. Qd3 Qd7 15.
Bd6 Rf7 16. c5 Rg7 17. O-O-O Na6 18. Qh3 Nc7 19. Qxh6 19... Ne8 {} 20. Bxh7+
1-0

[Event "AUT -U18B"]
[Site "Koestendorf"]
[Date "1998.04.06"]
[Round "3.8"]
[White "Pojer, Hannes"]
[Black "Brehovsky, Paul"]
[Result "1/2-1/2"]
[WhiteElo "1710"]
[BlackElo "1547"]
[PlyCount "78"]
[EventDate "1998.04.04"]
[Source "A. Burger"]
[SourceDate "1998.04.10"]

1. d4 e6 2. c4 d5 3. Nc3 Nf6 4. Nf3 Nbd7 5. Bg5 c6 6. e3 Qa5 7. Qc2 Bb4 8. Nd2
dxc4 9. Bxf6 Nxf6 10. Nxc4 Qc7 11. a3 Be7 12. Bd3 O-O 13. f4 h6 14. Ne5 Nd5 15.
Nxd5 exd5 16. O-O c5 17. g4 Qb6 18. g5 cxd4 19. gxh6 Qxh6 20. exd4 Qb6 21. Bh7+
Kh8 22. Qd3 Qh6 23. Bf5 Kg8 24. Bxc8 Raxc8 25. Rf3 Qb6 26. Nd7 Qxb2 27. Rb1
27... Rc1+ {} 28. Rf1 Qxb1 29. Qxb1 Rxb1 30. Rxb1 Rc8 31. Rxb7 Bxa3 32. Ne5
Ra8 33. Nxf7 a5 34. Ng5 a4 35. Ne6 Bf8 36. Rb2 a3 37. Ra2 Bb4 38. Kf2 Kf7 39.
Ng5+ Kf6 1/2-1/2

[Event "AUT -U18B"]
[Site "Koestendorf"]
[Date "1998.04.07"]
[Round "4.1"]
[White "Enoeckl, Philipp"]
[Black "Pilaj, Herwig"]
[Result "1/2-1/2"]
[WhiteElo "1985"]
[BlackElo "2196"]
[PlyCount "45"]
[EventDate "1998.04.04"]
[Source "A. Burger"]
[SourceDate "1998.04.10"]

1. d4 Nf6 2. c4 c5 3. d5 b5 4. cxb5 a6 5. b6 Qxb6 6. Nc3 g6 7. Nf3 d6 8. Nd2
Bg7 9. Nc4 Qc7 10. e4 O-O 11. Be2 Nbd7 12. O-O Nb6 13. e5 dxe5 14. d6 exd6 15.
Qxd6 Qxd6 16. Nxd6 Bg4 17. f3 Be6 18. Be3 Nfd7 19. Rfd1 f5 20. Rd2 Bf6 21. a4
a5 22. Ncb5 Bd8 23. Bh6 1/2-1/2

[Event "AUT -U18B"]
[Site "Koestendorf"]
[Date "1998.04.07"]
[Round "4.3"]
[White "Sandhu, Mario"]
[Black "Hillgarter, Christoph"]
[Result "1-0"]
[WhiteElo "2155"]
[BlackElo "1972"]
[PlyCount "99"]
[EventDate "1998.04.04"]
[Source "A. Burger"]
[SourceDate "1998.04.10"]

1. b3 d5 2. Bb2 c5 3. e3 Nc6 4. Bb5 Bd7 5. Nf3 e6 6. O-O Nf6 7. Bxc6 Bxc6 8.
Ne5 d4 9. Nxc6 bxc6 10. d3 e5 11. Qe2 Be7 12. e4 O-O 13. Nd2 Qd7 14. Nc4 Qe6
15. g3 g6 16. f4 exf4 17. gxf4 Qg4+ 18. Qxg4 Nxg4 19. h3 Nh6 20. Ne5 Rac8 21.
Ng4 Nxg4 22. hxg4 f6 23. Rac1 h5 24. gxh5 gxh5 25. Kf2 Kf7 26. Rh1 Rh8 27. c3
dxc3 28. Rxc3 Bd6 29. Rh4 Rb8 30. Rc1 a5 31. Ba3 Rb5 32. d4 32... Be7 {} 33.
Bxc5 Bxc5 34. Rxc5 Rxc5 35. dxc5 Kg6 36. Rh1 Rd8 37. Ke3 a4 38. b4 Rb8 39. a3
Rd8 40. Rg1+ Kh6 41. e5 fxe5 42. fxe5 h4 43. Ke4 Kh5 44. e6 h3 45. Ke5 h2 46.
Rh1 Kg5 47. e7 Rd2 48. e8=Q Re2+ 49. Kd6 Rxe8 50. Rxh2 1-0

[Event "AUT -U18B"]
[Site "Koestendorf"]
[Date "1998.04.07"]
[Round "4.4"]
[White "Aschenbrenner, Robert"]
[Black "Spirk, Stefan"]
[Result "1-0"]
[WhiteElo "2100"]
[BlackElo "1957"]
[PlyCount "101"]
[EventDate "1998.04.04"]
[Source "A. Burger"]
[SourceDate "1998.04.10"]

1. c4 e5 2. Nc3 Nc6 3. g3 g6 4. Bg2 Bg7 5. d3 d6 6. Rb1 a5 7. h4 Nf6 8. Bg5 h6
9. Bd2 Be6 10. Nd5 Nd7 11. a3 O-O 12. Qc1 Kh7 13. Nh3 Ra7 14. h5 g5 15. Be4+
15... Kg8 {} 16. Nxg5 hxg5 17. Bxg5 f6 18. Be3 Nd4 19. h6 Bh8 20. Bxd4 exd4
21. Nf4 Kf7 22. Bg6+ Ke7 23. e3 Ne5 24. exd4 Nxg6 25. Nxg6+ Kd7 26. Nxf8+ Qxf8
27. d5 Bf5 28. Qe3 Ra8 29. Kd2 Qe8 30. Rbe1 Qxe3+ 31. Rxe3 Re8 32. Rhe1 Bg6 33.
Rxe8 Bxe8 34. b4 axb4 35. axb4 f5 36. f3 Bg6 37. g4 Be5 38. Ke3 f4+ 39. Kd2 c6
40. dxc6+ bxc6 41. Rh1 Bh7 42. b5 cxb5 43. Rb1 Kc7 44. Rxb5 Bg8 45. g5 Bh7 46.
Rd5 Kc6 47. d4 Bh8 48. Kc3 Bg6 49. Ra5 Kb7 50. Ra2 Bf5 51. Re2 1-0

[Event "AUT -U18B"]
[Site "Koestendorf"]
[Date "1998.04.07"]
[Round "4.5"]
[White "Sandhoefner, Florian"]
[Black "Zumtobel, Thomas"]
[Result "1-0"]
[WhiteElo "1991"]
[BlackElo "2086"]
[PlyCount "37"]
[EventDate "1998.04.04"]
[Source "A. Burger"]
[SourceDate "1998.04.10"]

1. e4 c5 2. Nf3 d6 3. d4 cxd4 4. Nxd4 Nf6 5. Nc3 a6 6. f4 e6 7. Bd3 Nbd7 8. a4
Nc5 9. O-O Nxd3 10. Qxd3 Qc7 11. Kh1 Be7 12. Qg3 Nd7 13. f5 Qc4 14. Rd1 O-O 15.
b3 15... Qc5 {} 16. fxe6 Bh4 17. Qxh4 Qxc3 18. exd7 Qxa1 19. dxc8=Q 1-0

[Event "AUT -U18B"]
[Site "Koestendorf"]
[Date "1998.04.07"]
[Round "4.6"]
[White "Steiner, Stefan"]
[Black "Sekyra, Michael"]
[Result "1-0"]
[WhiteElo "1899"]
[BlackElo "1788"]
[PlyCount "53"]
[EventDate "1998.04.04"]
[Source "A. Burger"]
[SourceDate "1998.04.10"]

1. Nf3 Nf6 2. d4 e6 3. b3 b6 4. e3 d5 5. Nbd2 Bb7 6. Bd3 c5 7. Bb2 Nbd7 8. O-O
Bd6 9. Ng5 Qc7 10. f4 h6 11. Nh3 O-O-O 12. c4 g5 13. Be2 g4 14. Nf2 h5 15. cxd5
exd5 16. Rc1 Kb8 17. Nd3 Rc8 18. Ne5 Rhf8 19. Bd3 Qd8 20. Bf5 Bxe5 21. fxe5 Ng8
22. Ba3 Nh6 23. Bxd7 Qxd7 24. dxc5 bxc5 25. Bxc5 Rg8 26. Ne4 26... Qe6 {} 27.
Rf6 1-0

[Event "AUT -U18B"]
[Site "Koestendorf"]
[Date "1998.04.07"]
[Round "4.7"]
[White "Riedl, Johannes"]
[Black "Pojer, Hannes"]
[Result "1-0"]
[WhiteElo "1751"]
[BlackElo "1710"]
[PlyCount "63"]
[EventDate "1998.04.04"]
[Source "A. Burger"]
[SourceDate "1998.04.10"]

1. e4 c5 2. Nf3 Nc6 3. d4 cxd4 4. Nxd4 Nf6 5. Nc3 d6 6. Be2 e6 7. O-O Be7 8.
Nb3 O-O 9. Be3 Ne8 10. f4 f5 11. exf5 e5 12. fxe5 Bxf5 13. exd6 Nxd6 14. Bc5 {
} 14... Qc7 15. Nd5 Qd7 16. Nxe7+ Qxe7 17. Bxd6 Qe3+ 18. Kh1 Rad8 19. Bc5 Qe6
20. Bd3 Bg4 21. Qe1 Rxf1+ 22. Qxf1 Ne5 23. Re1 Qd5 24. Be4 Qd7 25. Qf4 Nf7 26.
Rf1 b6 27. Bg1 Be6 28. Nd4 Bd5 29. Bxd5 Qxd5 30. Nc6 30... Rd7 {} 31. Qb8+ Nd8
32. Qxd8+ 1-0

[Event "AUT -U18B"]
[Site "Koestendorf"]
[Date "1998.04.07"]
[Round "4.8"]
[White "Brehovsky, Paul"]
[Black "Heissenberger, Andreas"]
[Result "1/2-1/2"]
[WhiteElo "1547"]
[BlackElo "1644"]
[PlyCount "54"]
[EventDate "1998.04.04"]
[Source "A. Burger"]
[SourceDate "1998.04.10"]

1. e3 e5 2. a3 d5 3. d4 e4 4. c4 c6 5. Nc3 f5 6. Qb3 Nf6 7. cxd5 cxd5 8. Nh3
Bd6 9. Bd2 Bc7 10. Nb5 Nc6 11. Nxc7+ Qxc7 12. Nf4 Qd8 13. h4 O-O 14. Rc1 a6 15.
Be2 Re8 16. O-O Kh8 17. g3 Rg8 18. Kg2 g5 19. hxg5 Rxg5 20. Rh1 Qg8 21. Rh3 Bd7
22. Rch1 Ne7 23. R3h2 Bc6 24. Nh5 Nxh5 25. Bxh5 Ng6 26. Bxg6 Rxg6 27. Bb4 Qg7
1/2-1/2

[Event "AUT -U18B"]
[Site "Koestendorf"]
[Date "1998.04.08"]
[Round "5.1"]
[White "Pilaj, Herwig"]
[Black "Aschenbrenner, Robert"]
[Result "1-0"]
[WhiteElo "2196"]
[BlackElo "2100"]
[PlyCount "51"]
[EventDate "1998.04.04"]
[Source "A. Burger"]
[SourceDate "1998.04.10"]

1. e4 c5 2. Nc3 Nc6 3. f4 g6 4. Nf3 Bg7 5. Bb5 Nd4 6. O-O Nxb5 7. Nxb5 d6 8. d3
Bg4 9. Kh1 9... e6 {} 10. e5 dxe5 11. fxe5 Bxe5 12. Qe1 Bb8 13. Qe4 Bxf3 14.
Qxf3 Qd7 15. Be3 f5 16. a4 a6 17. Nc3 Qc7 18. g3 h5 19. Rae1 Kf7 20. Ne4 Qc6
21. Bxc5 Kg7 22. Ng5 Qxf3+ 23. Nxf3 {} 23... h4 24. Rxe6 Rh5 25. Nxh4 Kf7 26.
Rb6 1-0